Countries Whose Letters Sum to the Highest - Statistics

General Stats
  • This quiz has been taken 42 times
  • The average score is 8 of 20
Answer Stats
Sum Country % Correct
285 Democratic Republic of the Congo
68%
157 United States
62%
279 Federated States of Micronesia
59%
211 Central African Republic
53%
166 Kyrgyzstan
53%
158 Trinidad and Tobago
50%
185 United Arab Emirates
50%
230 Saint Kitts and Nevis
47%
168 Dominican Republic
41%
162 Marshall Islands
41%
194 Republic of the Congo
41%
298 Saint Vincent and the Grenadines
41%
181 Solomon Islands
41%
197 Sao Tome and Principe
38%
165 Turkmenistan
35%
154 Papua New Guinea
32%
209 Bosnia and Herzegovina
29%
176 Equatorial Guinea
24%
151 Switzerland
24%
147 Ivory Coast
3%
No matching quizzes found
Score Distribution
Percent of People with Each Score
Percentile by Number Answered
Your Score History
You have not taken this quiz